Normal view
MARC view
Entry Personal Name
001 - CONTROL NUMBER
- control field: 72339
003 - CONTROL NUMBER IDENTIFIER
- control field: OSt
005 - DATE AND TIME OF LATEST TRANSACTION
- control field: 20180426150454.0
008 - FIXED-LENGTH DATA ELEMENTS
- fixed length control field: 180426|| aca||aabn | a|a d
040 ## - CATALOGING SOURCE
- Original cataloging agency: OSt
- Transcribing agency: OSt
100 ## - HEADING--PERSONAL NAME
- Personal name: Mc Graw Hill
670 ## - SOURCE DATA FOUND
- Source citation: Work cat.: (OSt): Hari Mohan 72338, Objective English for Competitive Ex., 2018









